CONMEBOL Copa America Host Cities 1916-2024 - Statistics

General Stats
  • This quiz has been taken 78 times
    52 since last reset
  • The average score is 98 of 173
Answer Stats
Edition City % Correct
Argentina 1916 | Argentina 1921 | Argentina 1925 | +8 others Buenos Aires
96%
Uruguay 1917 | Uruguay 1923 | Uruguay 1924 | +7 others Montevideo
93%
Brazil 1919 | Brazil 1922 | Brazil 1949 | +5 others Rio de Janeiro
91%
Chile 1926 | Chile 1941 | Chile 1945 | +6 others Santiago
91%
Bolivia 1963 | Bolivia 1997 | Various Venues 1979 | Various Venues 1983 La Paz
89%
Peru 1927 | Peru 1935 | Peru 1939 | +6 others Lima
89%
Brazil 1949 | Brazil 2019 | Various Venues 1979 Sao Paulo
87%
Various Venues 1975 | Various Venues 1983 | Venezuela 2007 Caracas
84%
Brazil 2021 Brasilia
82%
USA 2016 | USA 2024 New York
80%
Ecuador 1993 | Various Venues 1975 | Various Venues 1979 | Various Venues 1983 Quito
80%
Colombia 2001 Medellin
78%
Argentina 1987 | Various Venues 1975 Rosario
78%
Colombia 2001 | Various Venues 1975 | Various Venues 1979 | Various Venues 1983 Bogota
76%
Paraguay 1999 | Various Venues 1975 | Various Venues 1979 | Various Venues 1983 Asuncion
73%
Argentina 1987 | Argentina 2011 Cordoba
71%
Colombia 2001 Cali
69%
Ecuador 1947 | Ecuador 1959 | Ecuador 1993 | Various Venues 1975 Guayaquil
69%
USA 2024 Atlanta
67%
USA 2016 | USA 2024 Houston
64%
Brazil 1949 | Brazil 2019 | Various Venues 1975 Belo Horizonte
62%
Brazil 2019 Porto Alegre
62%
USA 2016 Chicago
60%
USA 2016 | USA 2024 Orlando
60%
Brazil 1989 | Brazil 2019 | Various Venues 1983 Salvador
60%
Brazil 1989 Recife
58%
Bolivia 1997 Sucre
58%
Bolivia 1997 Santa Cruz
53%
USA 2016 Seattle
53%
Colombia 2001 Barranquilla
51%
USA 2016 Philadelphia
51%
Chile 1991 | Chile 2015 Valparaiso
51%
Peru 2004 Cuzco
49%
Venezuela 2007 Maracaibo
47%
Argentina 2011 Mendoza
47%
USA 2024 Kansas City (Kansas)
44%
USA 2024 Kansas City (Missouri)
44%
Argentina 2011 La Plata
42%
USA 2024 Charlotte
40%
Peru 2004 Arequipa
38%
USA 2024 Austin
36%
Chile 1991 | Chile 2015 Concepcion
36%
Bolivia 1963 | Bolivia 1997 Cochabamba
33%
Brazil 2021 Cuiaba
33%
Chile 1920 | Chile 1991 | Chile 2015 Vina del Mar
31%
Peru 2004 Trujillo
29%
Venezuela 2007 Barquisimeto
27%
Brazil 1989 | Brazil 2021 | Various Venues 1983 Goiania
27%
USA 2016 Pasadena
27%
Chile 2015 Antofagasta
22%
USA 2024 Arlington
20%
Peru 2004 Chiclayo
20%
USA 2016 | USA 2024 Santa Clara
20%
Brazil 1949 Santos
20%
Venezuela 2007 Ciudad Guayana
18%
Ecuador 1993 Cuenca
18%
USA 2024 Inglewood
18%
Argentina 2011 Salta
18%
Chile 2015 Temuco
18%
Colombia 2001 Pereira
16%
Chile 2015 Rancagua
16%
Argentina 2011 San Juan
16%
Argentina 2011 Santa Fe
16%
Argentina 1916 | Argentina 1929 | Argentina 1946 Avellaneda
13%
Paraguay 1999 Ciudad del Este
13%
USA 2016 Foxborough
13%
USA 2016 | USA 2024 Glendale
13%
Colombia 2001 Manizales
13%
Venezuela 2007 Maturin
13%
Venezuela 2007 Merida
13%
USA 2024 Miami Gardens
13%
Bolivia 1997 | Various Venues 1975 Oruro
13%
Various Venues 1979 | Venezuela 2007 San Cristobal
13%
Peru 2004 Tacna
13%
Argentina 2011 Jujuy
11%
Chile 2015 La Serena
11%
Paraguay 1999 Luque
11%
Uruguay 1995 Paysandu
11%
Peru 2004 Piura
11%
Ecuador 1993 Portoviejo
11%
Venezuela 2007 Puerto la Cruz
11%
Ecuador 1993 Ambato
9%
Venezuela 2007 Barinas
9%
Ecuador 1993 Machala
9%
Colombia 2001 Armenia
7%
USA 2024 Paradise
7%
Paraguay 1999 Pedro Juan Caballero
7%
Uruguay 1995 Rivera
7%
Uruguay 1995 Malonado
4%
Various Venues 1983 Uberlandia
4%
No matching quizzes found
Score Distribution
Percent of People with Each Score
Percentile by Number Answered
Your Score History
You have not taken this quiz since the last reset